General knowledge / (Record no. 158201)

MARC details
000 -LEADER
fixed length control field 00603nam a22001937a 4500
005 - DATE AND TIME OF LATEST TRANSACTION
control field 20181020141534.0
010 ## - LCCN (DPL NO)
LC control number ENG-124340
020 ## - INTERNATIONAL STANDARD BOOK NUMBER
International Standard Book Number 9789353061685
Terms of availability 249.00
035 ## - SYSTEM CONTROL NUMBER
System control number EN-107872
037 ## - SOURCE OF ACQUISITION
Source of stock number/acquisition DBAD/PUB
082 ## - DEWEY DECIMAL CLASSIFICATION NUMBER
Classification number 000
100 ## - MAIN ENTRY--PERSONAL NAME
Personal name Gagrani, Harsh
245 ## - TITLE STATEMENT
Title General knowledge /
Statement of responsibility, etc by Harsh Gagrani [and] Abhishek Dubey
260 ## - PUBLICATION, DISTRIBUTION, ETC. (IMPRINT)
Place of publication, distribution, etc Noida
Name of publisher, distributor, etc Pearson
Date of publication, distribution, etc 2019
270 ## - ADDRESS
Address 15th Floor, Tower B, Worls Trade Tower, Plot No.1, Block -C
City Noida (UP)
Postal code 201301
300 ## - PHYSICAL DESCRIPTION
Extent xx, various paging
Dimensions 22cm.(pbk)
Other physical details ill.
700 ## - ADDED ENTRY--PERSONAL NAME
Personal name Dubey, Abhishek
942 ## - ADDED ENTRY ELEMENTS (KOHA)
Source of classification or shelving scheme Dewey Decimal Classification
Item type English Books
Classification part 000
Call number suffix GAG
Holdings
Withdrawn status Lost status Not for loan Collection code Home library Current library Date acquired Source of acquisition Cost, normal purchase price Full call number Barcode Copy number Cost, replacement price Koha item type
    Not For Loan Non-fiction D.B.Act.Division Bawana 20/10/2018 DBAD/PUB 249.00 000 GAG EN-107872 1 249.00 English Books

© Delhi Public Library
Hit Counter
free hit counter